00539cam a22001337a 4500008004000000082002800040245007100068260004000139300000900179650004600188650005300234999001900287952009900306180718b1984 xxu||||| |||| 00| 0 eng d aY1503x5444 K147 / 1966r aDepartment of law and parliamentary affairscBy Govt. of Karnataka aBangalorebGovt. of Karnatakac1984 a95p. aJudicial statistics -- India -- Karnataka aJustice, Administration of -- India -- Karnataka c413009d413009 00104070aIIPAbIIPAd2009-02-10oY1503x5444 K147 / 1966rp12432r2018-07-21w2018-07-21yBK